The stock market / (Record no. 19391)
[ view plain ]
| 000 -LEADER | |
|---|---|
| fixed length control field | 01342cam a22003255a 4500 |
| 001 - CONTROL NUMBER | |
| control field | 14540268 |
| 005 - DATE AND TIME OF LATEST TRANSACTION | |
| control field | 20150602151619.0 |
| 008 - FIXED-LENGTH DATA ELEMENTS--GENERAL INFORMATION | |
| fixed length control field | 060908t2007 ctuado frbd 001 0 eng d |
| 020 ## - INTERNATIONAL STANDARD BOOK NUMBER | |
| International Standard Book Number | 0313338248 (alk. paper) |
| 020 ## - INTERNATIONAL STANDARD BOOK NUMBER | |
| International Standard Book Number | 9780313338243 (hbk.) |
| 040 ## - CATALOGING SOURCE | |
| Original cataloging agency | DLC |
| Transcribing agency | DLC |
| Modifying agency | BAKER |
| -- | C#P |
| -- | YDXCP |
| -- | UKM |
| -- | DLC |
| -- | EG-ScBUE |
| 043 ## - GEOGRAPHIC AREA CODE | |
| Geographic area code | n-us--- |
| 082 00 - DEWEY DECIMAL CLASSIFICATION NUMBER | |
| Classification number | 332.642 |
| Edition number | 22 |
| Item number | HAF |
| 100 1# - MAIN ENTRY--PERSONAL NAME | |
| Personal name | Hafer, R. W. |
| Fuller form of name | (Rik W.) |
| 9 (RLIN) | 38052 |
| 245 14 - TITLE STATEMENT | |
| Title | The stock market / |
| Statement of responsibility, etc | Rik W. Hafer and Scott E. Hein. |
| 260 ## - PUBLICATION, DISTRIBUTION, ETC. (IMPRINT) | |
| Place of publication, distribution, etc | Westport ; |
| -- | London : |
| Name of publisher, distributor, etc | Greenwood Press, |
| Date of publication, distribution, etc | c.2007. |
| 300 ## - PHYSICAL DESCRIPTION | |
| Extent | xxvii, 140 p. : |
| Other physical details | charts, photographs, tables ; |
| Dimensions | 25 cm. |
| 490 0# - Series Statement | |
| Series statement | Greenwood guides to business and economics, |
| International Standard Serial Number | 1559-2367 |
| 500 ## - GENERAL NOTE | |
| General note | Glossary : p. 127-132. |
| 500 ## - GENERAL NOTE | |
| General note | Index : p. 137-140. |
| 504 ## - BIBLIOGRAPHY, ETC. NOTE | |
| Bibliography, etc | Bibliography : p. [133]-136. |
| 505 0# - FORMATTED CONTENTS NOTE | |
| Formatted contents note | A brief history of the U.S. stock market -- Stocks in today's economy -- Today's stock market in action -- Recent innovations in stocks and stock markets -- Regulation of the stock market -- Stock markets abroad -- Summing it up -- Companies listed in the Dow Jones Industrial Average. |
| 650 #0 - SUBJECT ADDED ENTRY--TOPICAL TERM | |
| Topical term or geographic name as entry element | Stock exchanges. |
| Source of heading or term | BUEsh |
| 650 #0 - SUBJECT ADDED ENTRY--TOPICAL TERM | |
| Topical term or geographic name as entry element | Stock exchanges |
| Geographic subdivision | United States. |
| Source of heading or term | BUEsh |
| 651 ## - SUBJECT ADDED ENTRY--GEOGRAPHIC NAME | |
| Source of heading or term | BUEsh |
| 653 ## - INDEX TERM--UNCONTROLLED | |
| Resource For college | BAEPS, Economics |
| Arrived date list | May2015 |
| 655 ## - INDEX TERM--GENRE/FORM | |
| Form subdivision | |
| -- | 34232 |
| 700 1# - ADDED ENTRY--PERSONAL NAME | |
| Personal name | Hein, Scott E., |
| Dates associated with a name | 1949- |
| 942 ## - ADDED ENTRY ELEMENTS (KOHA) | |
| Source of classification or shelving scheme | Dewey Decimal Classification |
| Withdrawn status | Item status | Source of classification or shelving scheme | Damaged status | Not for loan | Vendor | Home library | Current library | Shelving location | Date acquired | Source of acquisition | Cost, normal purchase price | Serial Enumeration / chronology | Total Checkouts | Total Renewals | Full call number | Barcode | Date last seen | Date last borrowed | Cost, replacement price | Koha item type |
|---|---|---|---|---|---|---|---|---|---|---|---|---|---|---|---|---|---|---|---|---|
| Dewey Decimal Classification | Baccah | Central Library | Central Library | First floor | 20/05/2015 | 422.00 | 22487 | 6 | 27 | 332.642 HAF | 000038260 | 15/07/2025 | 09/09/2024 | 528.00 | Book - Borrowing |